000 00704nam a2200265Ia 4500
003 OSt
005 20221006151020.0
006 a|||||r|||| 00| 0
007 ta
008 221006b |||||||| |||| 00| 0 jpn d
020 _c¥9800
024 _a20,649
037 _bGift, Japan Foundation
_cTextual
040 _aEASL
_cEASL
_bjpn
041 _2jpn
_ajpn
082 _aX:9v42.N8, M4
100 _aMOTOI Hisao
_9658103
245 0 _aNihon rodoundoshi
260 _aTokyo
_bRomu Kyosei Kenkyujo Japan
_c1984
300 _a1090p.
_ccm.
490 _v JL
650 _aJL
942 _hX:9v42.N8, M4
_cTEXL
_2CC
999 _c1088735
_d1088735